[Event "COL-ch U14"]
[Site "Florencia Caqueta"]
[Date "2024.10.06"]
[Round "1"]
[White "Cardona Duque, Juan Esteban"]
[Black "Quintero Mendez, Maria Alejandra"]
[Result "1-0"]
[WhiteElo "2151"]
[BlackElo "1504"]
[PlyCount "49"]
[EventDate "2024.10.06"]
[EventType "swiss (blitz)"]
[EventRounds "9"]
[EventCountry "COL"]
[SourceTitle "CB44_2024"]
[Source "Chessbase"]
[SourceDate "2024.10.30"]
[SourceVersion "1"]
[SourceVersionDate "2024.10.30"]
[SourceQuality "1"]

1. e4 e5 2. Nf3 Nc6 3. Bc4 Be7 4. 0-0 Nf6 5. d3 Ng4 6. h3 Nh6 7. Nc3 d6 8. a3 b6 9. b4 Nd4 10. Be3 Nxf3+ 11. Qxf3 Bb7 12. Bxh6 f6 13. Bxg7 Rg8 14. Bxg8 Qd7 15. Bxh7 Qc6 16. Nd5 Qd7 17. Bg6+ Kd8 18. Nxe7 Qxe7 19. Bxf6 Qxf6 20. Qxf6+ Kd7 21. Bf5+ Kc6 22. Qe6 Kb5 23. a4+ Kxb4 24. Qc4+ Ka5 25. Qb5# 1-0